Llwytho...

Insecticide resistance in arthopods

Manylion Llyfryddiaeth
Prif Awdur: Brown, A W A
Fformat: Printed Book
Iaith:Undetermined
English
Cyhoeddwyd: Geneva World health Organisation 1971
Pynciau:
LEADER 00505nam a2200145Ia 4500
008 140306s9999 xx 000 0 und d
041 |a eng 
082 |a 632.9  |b BRO/IN 
100 |a Brown, A W A 
245 |a Insecticide resistance in arthopods 
260 |a Geneva  |b World health Organisation  |c 1971 
650 |a Plant Protection 
942 |2 ddc  |c BK 
999 |c 116672  |d 116672 
952 |0 0  |1 0  |2 ddc  |4 0  |6 632_900000000000000_BROIN  |7 0  |9 115395  |a KAUHCV  |b KAUHCV  |d 2004-04-27  |o 632.9 BRO/IN  |p KAU_HCV-7049  |r 2014-03-22  |w 2014-03-22  |y BK